El Tesoro público y el movimiento general de fondos / por François Bloch-Lainé y Pierre de Vogüé ; [estudio introductorio de Angel Marrón Gómez]
ISBN:
84-7196-162-8
Descripción Física:
395 p. ; 24 cm
Colección:
Obras básicas de Hacienda Pública
Materias:
Finances públiques
MARC
| LEADER | 00000nam a2200000Ia 4500 | ||
|---|---|---|---|
| 001 | 833 | ||
| 008 | 160829s1975 xx 000 0 cat d | ||
| 020 | |a 84-7196-162-8 | ||
| 080 | |a M-3-49 | ||
| 100 | |a Bloch-Lainé, François |9 23713 | ||
| 245 | |a El Tesoro público y el movimiento general de fondos / por François Bloch-Lainé y Pierre de Vogüé ; [estudio introductorio de Angel Marrón Gómez] | ||
| 260 | |a Madrid : |b Instituto de Estudios Fiscales, |c 1975 | ||
| 300 | |a 395 p. ; |c 24 cm | ||
| 490 | |a Obras básicas de Hacienda Pública | ||
| 590 | |a Abans del títol: Estudios de Hacienda Pública | ||
| 650 | 0 | |a Finances públiques |9 24447 | |
| 700 | |a Vogüé, Pierre de |9 34982 | ||
| 700 | |a Marrón Gómez, Ángel |9 34983 | ||
| 710 | |a Instituto de Estudios Fiscales (Madrid) |9 52635 | ||
| 901 | |a Arxiu | ||
| 942 | |n 1 | ||
| 952 | |0 0 |1 0 |4 0 |6 M349 |7 1 |9 46719 |a Arxiu |b Arxiu |d 2016-12-01 |l 0 |o M-3-49 |p 833 |r 2016-12-01 00:00:00 |w 2016-12-01 |y ARXIU | ||
| 999 | |c 50512 |d 50512 | ||